00487nam a2200157Ia 450000500170000000800410001708200130005810000150007124500600008626000380014630000160018465000120020094200060021295200960021899900150031420250211025252.0240331s9999 xx 000 0 und d bDEZa954 aDeZoysa, L 0aStories from the culavamsa and other historical stories aColombobMarga Publicationsc1988 av, 67 p .,  aHistory cL 001040708LaWERCLbWERCLcSSCd2024-03-31l0o 954.9 DEZp356r2024-03-31w2024-03-31yL c3527d3527